វិទ្យាសាស្ត្រគ្រប់គ្រងកសិដ្ឋាន (Record no. 9855)

000 -LEADER
fixed length control field 00341nam a22001217a 4500
040 ## - CATALOGING SOURCE
Transcribing agency HS
082 ## - DEWEY DECIMAL CLASSIFICATION NUMBER
Classification number 338
100 ## - MAIN ENTRY--AUTHOR NAME
Personal name បូរ៉ា កាធី
245 ## - TITLE STATEMENT
Title វិទ្យាសាស្ត្រគ្រប់គ្រងកសិដ្ឋាន
260 ## - PUBLICATION, DISTRIBUTION, ETC. (IMPRINT)
Place of publication RUA
Name of publisher បូរ៉ា កាធី
Year of publication 2002
300 ## - PHYSICAL DESCRIPTION
Number of Pages 118p;
942 ## - ADDED ENTRY ELEMENTS (KOHA)
Koha item type សៀវភៅភាសាខ្មែរ
952 ## - LOCATION AND ITEM INFORMATION (KOHA)
Withdrawn status [LOCAL, KOHA] 0
Holdings
Permanent Location Date acquired Koha item type Lost status Shelving location Barcode Current Location Full call number
Library Block C2016-09-14សៀវភៅភាសាខ្មែរ C075RUA43920Library Block C338 បូរ៉ា 2002 C075
មជ្ឈមណ្ឌលឯការនៃសាកលវិទ្យាល័យភូមិន្ទកសិកម្មចំការដូង

Powered by Koha